000 00763nam a2200241Ia 4500
003 OSt
005 20220916110918.0
006 a|||||r|||| 00| 0
007 ta
008 220915b |||||||| |||| 00| 0 hin d
024 _a196862
037 _cTextbook
040 _bhin
_aARTS
_cARTS
041 _ahin
082 _aW:(P152:4)k, 152L0-;1
100 _aगाबा, ओमप्रकाश
245 0 _aराजनीति विज्ञान कोश
246 _aRājanīti vijnyān kosha
260 _aदिल्ली
_bबी आर प्रकाशन
_c1970
300 _a387 पृ0
_ccm.
942 _hW:(P152:4)k, 152L0-;1
_cTB
_2CC
999 _c101158
_d101158